[Event "V Copa Marcel Duchamp 2022"]
[Site "Montevideo"]
[Date "2022.02.17"]
[Round "7.22"]
[White "Palacio, Enzo"]
[Black "Brizzi, Milagros Tatiana"]
[Result "0-1"]
[WhiteElo "1896"]
[BlackElo "2063"]
[Annotator "TA"]
[PlyCount "70"]
[EventDate "2022.02.12"]
[EventCountry "URU"]
[SourceTitle "playchess.com"]
[Source "ChessBase"]
[SourceQuality "1"]

{[%evp 19,70,46,62,8,16,0,0,-88,-83,-85,-56,-175,-172,-154,-156,-450,-426,-506,-454,-698,-677,-791,-775,-781,-635,-907,-620,-856,-962,-1054,-1083,-1060,-1065,-1075,-1073,-1075,-1075,-1821,-1798,-1980,-1949,-29977,-7756,-29992,-29991,-29991,-29992,-29993,-29994,-29994,-29995,-29995,-29996]} 1. e4 c5 2. Nf3 e6 3. d4 cxd4 4. Nxd4 a6 5. Bd3 Nf6 6. Qe2 d6 7. O-O Nbd7 8. c4 Qc7 9. f4 Be7 10. Nc3 b6 11. g4 {B42: Sicilian: Kan Variation: 5 Bd3.} (11. a3 $14) 11... h6 $11 {[%cal Og7g5] [#]} 12. h4 $146 {To avoid g5} ({Predecessor:} 12. g5 hxg5 13. fxg5 Nh5 14. g6 Bf6 15. gxf7+ Kxf7 16. Nf3 Kg8 17. Nd1 Ne5 18. Nf2 {½-½ (91) Ratsma,R (2260)-Zwirs,N (2407) Belgium 2018}) 12... Bb7 {[%cal Og7g5]} 13. g5 (13. h5 $11 {remains equal.}) 13... hxg5 $17 14. hxg5 Nh5 {White must now prevent ...Ng3.} (14... Qc5 15. Be3 Nh5 16. Qh2 $16) 15. g6 ({White should try} 15. Qf2 $15) 15... O-O-O $19 (15... Ng3 16. gxf7+ Kxf7 17. Qg4 Nxf1 18. Qxe6+ Kf8 19. Qf5+ (19. Kxf1 Nc5 $17) 19... Kg8 20. Qe6+ Kf8 21. Qf5+ (21. Kxf1 Nc5 $17) 21... Kg8 22. Qe6+ Kf8 $14) 16. gxf7 {[#]} Nc5 ({But not} 16... Ng3 17. Qf3 Nxf1 18. Nxe6 $16 (18. Kxf1 $2 Nc5 $19)) 17. Rf3 $2 (17. Nxe6 $17 {was called for.} Nxe6 18. Nd5 (18. Qg4 Qd7 $19) 18... Bxd5 19. exd5) 17... Bf6 $1 {[%csl LRd4,LRf7]} 18. Qf2 Qxf7 19. Kf1 (19. Bf1 $142 Bxe4 20. Nde2 Qg6+ 21. Bg2) 19... e5 20. Nde2 Nxf4 21. Bxf4 exf4 22. Nd5 g5 {[%cal Bg7g5,Bg5g4][%mdl 32] aiming for ...Rh1+.} 23. Rd1 Rh1+ 24. Ng1 Rdh8 {Hoping for ...R8h2.} 25. Rd2 Be5 {[%cal Bf6e5,Be5h2,Bh2g1][%mdl 32] Threatens to win with ...g4.} 26. b4 Ne6 {...Bd4 is the strong threat.} 27. Bc2 g4 28. Rb3 f3 29. Nxb6+ Kb8 {Strongly threatening ...Bh2.} 30. c5 Bh2 {This bishop pair is nice.} 31. Rxd6 Rxg1+ {Black mates.} 32. Qxg1 Bxg1 33. Nd7+ Kc7 34. Ne5 {[#]} Rh1 $1 {[%cal Rg1e3][%mdl 512]} 35. Rxf3 {[#]} (35. Nxf3 gxf3) 35... gxf3 $1 {White did not feel at home in the position after the opening.  Weighted Error Value: White=1.32/Black=0.17 (very precise)} 0-1

[Event "V Copa Marcel Duchamp 2022"]
[Site "Montevideo"]
[Date "2022.02.17"]
[Round "7.23"]
[White "Meza, Anahi"]
[Black "Migens Romero, Juan"]
[Result "1-0"]
[WhiteElo "1996"]
[BlackElo "2097"]
[Annotator "TA"]
[PlyCount "69"]
[EventDate "2022.02.12"]
[EventCountry "URU"]
[SourceTitle "playchess.com"]
[Source "ChessBase"]
[SourceQuality "1"]

{[%evp 18,69,44,50,58,40,44,6,79,75,76,65,115,120,114,0,0,0,0,0,0,-49,0,0,0,-21,-20,-16,-18,-21,0,0,53,-6,-6,-9,0,-16,-22,-13,0,0,0,-11,-11,-11,-10,-10,0,-55,0,0,733,704]} 1. d4 Nf6 2. c4 g6 3. Nc3 Bg7 4. e4 d6 5. Be2 O-O 6. Nf3 e5 7. O-O Nc6 8. d5 Ne7 9. b4 Nd7 10. a4 $1 {The main line 10.a4 scores better than 10.Nd2.} f5 {E97: King's Indian: Classical Main Line (6...e5 7 0-0 Nc6): 8 Be3 and 8 d5 Ne7, not 9 Ne1.} 11. Ng5 Nf6 12. f3 {[%cal Bf2f3,Bf3e4][%mdl 32]} h6 (12... Nh5 $11) 13. Ne6 $16 {White is more active.} Bxe6 14. dxe6 {[#]} fxe4 $146 (14... Nc6 $14) ({Predecessor:} 14... c6 15. a5 Qc7 16. Qb3 Rfd8 17. Rd1 Qc8 18. c5 d5 19. exd5 Nfxd5 20. Nxd5 cxd5 {1-0 (35) Jarmula,L (2256)-Szabo,K (2543) Ruzomberok 2014}) 15. fxe4 Nc6 {[#]} 16. b5 (16. Nd5 $1 $16) 16... Nd4 $11 17. Nd5 {And now e7 would win.} Nxe6 (17... Nxe4 $2 18. e7 Rxf1+ 19. Qxf1 $18) 18. Nxf6+ Rxf6 19. Qd5 (19. Rxf6 $11 {is more appropriate.} Qxf6 20. Qd5) 19... Rxf1+ (19... c6 $1 $15 20. bxc6 bxc6 21. Qxc6 Nd4 22. Qd5+ Kh7) 20. Bxf1 Qc8 21. Be2 {[#] Black must now prevent Bg4.} c6 22. Qxd6 {Strongly threatening Bg4.} Bf8 23. Qd3 ({Don't blunder} 23. Qxe5 $2 Bg7 24. Qg3 Bxa1 $19) 23... Bc5+ 24. Kh1 $1 Qf8 (24... h5 $11) 25. Bg4 ({Better is} 25. Qh3 $14 Qf6 26. Bxh6) 25... Nd4 26. Be3 h5 27. Rf1 Qe7 28. Bh3 cxb5 29. cxb5 Rf8 30. Rc1 b6 31. Bh6 Rf2 {...g5 is the strong threat.} 32. Be3 {A strong pair of Bishops.} Rf8 33. a5 ({White should play} 33. Bh6 $11) 33... Qf6 (33... bxa5 $15 34. g4 (34. Qc4+ Kh7 $17) 34... hxg4 35. Bxg4 Kh7) 34. a6 Nb3 $2 {[%mdl 8192]} 35. Qxb3+ {Weighted Error Value: White=0.21 (precise) /Black=0.20 (precise)} 1-0

[Event "V Copa Marcel Duchamp 2022"]
[Site "Montevideo"]
[Date "2022.02.17"]
[Round "7.24"]
[White "Quevedo, Andreina"]
[Black "Dotta, Gian Franco"]
[Result "0-1"]
[WhiteElo "1867"]
[BlackElo "1991"]
[Annotator "TA"]
[PlyCount "54"]
[EventDate "2022.02.12"]
[EventCountry "URU"]
[SourceTitle "playchess.com"]
[Source "ChessBase"]
[SourceQuality "1"]

{[%evp 12,54,1,3,32,31,28,26,28,20,23,9,24,3,22,2,25,0,19,-13,0,-6,8,17,15,-8,-7,-7,-8,-8,-3,-152,-135,-451,-448,-487,-483,-524,-518,-570,-560,-29990,-29991,-29996,-29997]} 1. c4 c5 2. Nc3 b6 3. e3 Bb7 4. Nf3 Nf6 5. g3 e6 6. Bg2 Be7 7. O-O Ne4 {A30: Symmetrical English: Double Fianchetto and Hedgehog.} 8. Nxe4 Bxe4 9. d3 Bb7 {[#] White has an edge.} 10. Bd2 $146 ({Predecessor:} 10. b3 d6 11. Bb2 O-O 12. d4 Nd7 13. Qc2 Qc7 14. e4 cxd4 15. Nxd4 a6 16. Qe2 {0-1 (43) Larochelle,M (2194)-Chiku Ratte,O (2413) Trois-Rivieres 2016}) 10... Bf6 11. Qc2 O-O 12. Bc3 Nc6 13. a3 d5 14. Rfd1 Rc8 15. Rab1 Bxc3 16. Qxc3 Qc7 17. cxd5 exd5 18. b3 d4 19. exd4 cxd4 20. Nxd4 {Bxc6 is the strong threat.} Qe5 21. Bxc6 (21. Re1 $1 $11 {was the only way to keep the balance.} Nxd4 22. Rxe5 Rxc3 23. Bxb7) 21... Rxc6 $17 {[%mdl 64] [#] Pin} 22. Qb4 {[%mdl 8192] Loses the game.} (22. Qxc6 $17 {nothing else works.} Bxc6 23. Nxc6) 22... Rc5 $19 23. Re1 ({But not} 23. f3 a5 24. Qe1 Qxd4+) 23... Qd5 {[%csl Gb7][%cal Rd5h1]} 24. f3 a5 25. Qa4 b5 {[%mdl 64] [#] Overworked Piece} 26. Nxb5 Qxf3 {[%csl Gb7][%cal Rf3g2]} 27. Re4 Rc2 {Weighted Error Value: White=0.80/Black=0.07 (flawless)} 0-1

[Event "V Copa Marcel Duchamp 2022"]
[Site "Montevideo"]
[Date "2022.02.17"]
[Round "7.25"]
[White "Nejanky, Maisa"]
[Black "Lavandeira, Juan Facundo"]
[Result "1/2-1/2"]
[WhiteElo "1948"]
[BlackElo "1520"]
[Annotator "TA"]
[PlyCount "112"]
[EventDate "2022.02.12"]
[EventCountry "URU"]
[SourceTitle "playchess.com"]
[Source "ChessBase"]
[SourceQuality "1"]

{[%evp 15,112,-46,-37,-49,-19,-44,-28,-49,0,-44,-25,-43,-26,-33,65,-49,-25,-94,34,-20,45,-102,-75,-260,-315,-309,-143,-152,-87,-82,-84,-84,-80,-88,-55,-86,-66,-77,-78,-79,-78,-62,-86,-132,-93,-104,-86,-86,-56,-102,-61,-69,-3,-69,0,-69,-69,-76,-76,-82,-83,-101,0,-81,-69,-83,-80,-90,-69,-69,-69,-90,-13,-69,0,-77,-69,-77,-69,-69,-63,-69,-62,-69,0,-1028,-69,-69,-69,-69,0,-69,-50,-69,-69,-69,-69,-71,-92]} 1. e4 c5 2. Nc3 d6 3. f4 Nf6 4. Nf3 g6 5. Bc4 Bg7 6. d3 Nc6 7. O-O O-O 8. f5 gxf5 9. Bg5 {B23: Closed Sicilian: Lines without g3.} fxe4 10. dxe4 {[#]} h6 $146 ({Predecessor:} 10... Bg4 11. Qe1 Bxf3 12. Rxf3 Ne5 13. Rg3 Kh8 14. Rh3 Qd7 15. Be2 Ng6 16. Kh1 Qe6 {0-1 (45) Minasian,A (2545)-Browne,W (2525) Las Vegas 1993}) 11. Bf4 {Black has an edge.} e5 (11... Be6 $15 12. Bd5 Nd4) 12. Be3 (12. Bg3 $1 $11 {might be stronger.}) 12... Nd4 {[%cal Ob7b5]} 13. Qd2 Kh7 14. Qd3 {[%cal Rf3d4]} Bg4 (14... Kh8 $15) 15. Nh4 (15. Nxd4 $14 cxd4 16. Bxd4 $1) 15... a6 16. a4 {To avoid b5} (16. Nf5 $11) 16... Qd7 (16... d5 $1 $17 {[%cal Rd5c4]} 17. exd5+ e4 18. Nxe4 Nxe4 19. Qxe4+ f5 20. Nxf5 Bxf5 21. Rxf5 Nxf5 22. Bxc5 Qe8 23. Qxe8 Raxe8) 17. a5 (17. h3 $14 Be6 18. Nd5) 17... Rac8 (17... Be6 $11 18. b3 Rae8) 18. Nd5 (18. h3 $14 {keeps the upper hand.} Be6 19. Nd5 Bxd5 20. exd5+ e4 21. Qd1) 18... Nxd5 19. exd5+ $2 (19. Bxd5 $17 {was the only chance.} c4 20. Qd2) 19... f5 $19 20. Qd2 {[#] Prevents Be2.} Qe7 (20... Bf6 $1 $19 {[%cal Rf6h4] and Black stays clearly on top.} 21. Qf2 Qe7) 21. g3 $17 e4 (21... Bf6 $142 22. Bxd4 (22. Bxh6 $2 Rg8 $19) 22... cxd4 23. Nxf5 Bxf5 24. Rxf5 e4) 22. c3 Nf3+ 23. Nxf3 Bxf3 ({Much worse is} 23... exf3 24. Bf4 $11) 24. Rf2 Rf6 25. Bf4 Rg6 26. Be2 Bxe2 27. Qxe2 Be5 28. Raf1 {Strongly threatening Bxe5.} Rf8 29. Qe3 (29. Kh1 $142) 29... Rgf6 30. Qe2 Bxf4 (30... Qe8 {is interesting.} 31. Kh1 Rg8 32. Be3 Qf7 33. Rd1 Rg7) 31. Rxf4 Qf7 32. Rd1 (32. c4 $15) 32... Qc7 (32... Rg8 $17) 33. Ra1 Rc8 (33... Rg8 $15) 34. c4 (34. Raf1 $11) 34... Rcf8 (34... Qe7 $1 $15) 35. Qd2 (35. g4 $1 $11) 35... Qe7 $15 36. Re1 Qe5 37. Kg2 Rb8 38. Qf2 {[%cal Oe1e4] [#]} Rbf8 (38... b5 $1 $17 {[%cal Rb5c4]} 39. Rexe4 fxe4 40. Rxf6 bxc4) 39. Qc2 (39. Qd2 $1 $11) 39... Kg7 40. Qb3 R8f7 41. Re2 Qe7 42. Qc3 {Threatens to win with Rxf5.} Kh7 43. Kh1 Qd8 (43... Qe5 $17) 44. Kg2 (44. g4 $1 $11) 44... Qe7 (44... h5 $15) 45. Re3 (45. Kh1 $1 $11 {remains equal.}) 45... Qf8 (45... Kg6 {is more complex.} 46. Rh4 Rg7 47. Re1 h5 48. Qc2 Qe8) 46. Qc2 Qg7 47. Qf2 Qg5 48. Kh1 Kg7 49. Qc2 Kh7 (49... h5 $15) 50. Rf2 $2 {[%mdl 8192]} Qg4 $2 (50... Qxe3 $19 51. Rf4 Qe1+ 52. Kg2 Qxa5) 51. Rf4 Qg6 52. Qf2 Qg7 ({Better is} 52... h5 $15) 53. Qf1 (53. Kg2 $11) 53... Rf8 54. Re2 Qe7 55. Qh3 Qe5 56. Qf1 Kg7 {Weighted Error Value: White=0.53/Black=0.43} 1/2-1/2

[Event "V Copa Marcel Duchamp 2022"]
[Site "Montevideo"]
[Date "2022.02.17"]
[Round "7.26"]
[White "Martinez Alvarez, Mateo"]
[Black "Siddeley, Hugh"]
[Result "0-1"]
[WhiteElo "1093"]
[BlackElo "2000"]
[Annotator "TA"]
[PlyCount "85"]
[EventDate "2022.02.12"]
[EventCountry "URU"]
[SourceTitle "playchess.com"]
[Source "ChessBase"]
[SourceQuality "1"]

{[%evp 15,85,8,8,0,-2,-15,-13,-13,7,-15,-4,-27,-25,-11,-16,-18,23,22,10,24,33,0,0,-11,19,0,45,0,33,25,35,26,6,0,34,0,52,29,43,-6,3,0,27,23,22,28,29,0,0,0,0,0,0,-21,-36,-23,-25,-223,-222,-29986,-29987,-29993,-29994,-29994,-29995,-29995,-29989,-29989,-29986,-29990,-29987,-29987]} 1. e4 c5 2. d4 cxd4 3. c3 g6 4. cxd4 d5 5. exd5 Nf6 6. Bc4 Bg7 7. Nc3 O-O 8. Nf3 Nbd7 9. Bg5 {B14: Caro-Kann: Panov-Botvinnik Attack with 5...e6 and 5...g6.} Nb6 {[%csl LRc4,LRd5]} 10. Qb3 Nxc4 11. Qxc4 {The position is equal.} a6 12. O-O b5 13. Qb3 (13. Qc5 $5 {[%cal Rf3e5]}) 13... Bb7 {[%cal Rf6d5]} 14. Bxf6 {[#]} exf6 $146 ({Predecessor:} 14... Bxf6 15. a4 Qb6 16. Rfd1 Rfd8 17. Ne5 b4 18. Nc4 Qa7 19. Qxb4 Bxd5 {0-1 (30) Chudinovskih,A (2302)-Cerveny,M (2347) Stare Mesto 2011}) 15. a4 b4 (15... Qb6 {is more appropriate.}) 16. Qxb4 $11 Bxd5 17. Nxd5 Qxd5 18. Rac1 Rfb8 19. Qc4 Qd6 {[%mdl 1024] Black has compensation.} 20. Qc5 Qf4 ({Don't play} 20... Qxc5 21. dxc5 Rxb2 22. Rfd1 $14) (20... Qd7 $11) 21. Qc7 (21. Qc6 $14) 21... Qf5 22. Rc5 Qd3 23. Rc3 Qf5 24. Qc5 Qd7 25. Qc6 Qf5 (25... Qxc6 $11 26. Rxc6 Rxb2) 26. Re1 Bf8 27. Rce3 (27. Rec1 $14) 27... Kg7 28. g3 Bb4 29. R1e2 Rc8 30. Qe4 {Hoping for Qxf5.} Qh3 31. Ne1 Rab8 32. Nd3 Bd6 33. Re1 {[%cal Ob2b3]} h5 34. Nf4 Bxf4 35. Qxf4 Rxb2 36. Qd6 $2 {This move loses the game for White.} (36. Rf3 $11 {and White has nothing to worry.} Rb6 37. d5) 36... Qf5 $40 {[%mdl 128] Black is out for blood.} 37. Rf1 {[#]} (37. Qf4 $19 Qxf4 38. gxf4) 37... Rc1 $1 {[%mdl 512] Black mates.} 38. Qf4 (38. Re2 Rxe2) 38... Rxf1+ 39. Kxf1 Qh3+ 40. Ke1 Qxh2 {[%cal Rh2g1]} 41. Kd1 Qh1+ 42. Re1 Rb1+ 43. Kc2 {Weighted Error Value: White=0.51/Black=0.11 (very precise)} 0-1

[Event "V Copa Marcel Duchamp 2022"]
[Site "Montevideo"]
[Date "2022.02.17"]
[Round "7.31"]
[White "Benitez, Andres"]
[Black "Vieira, Alexandre Letizio"]
[Result "1/2-1/2"]
[WhiteElo "1978"]
[BlackElo "1719"]
[Annotator "TA"]
[PlyCount "66"]
[EventDate "2022.02.12"]
[EventCountry "URU"]
[SourceTitle "playchess.com"]
[Source "ChessBase"]
[SourceQuality "1"]

{[%evp 22,66,0,-5,-7,-38,-37,-56,-62,-50,-61,-54,30,22,124,119,110,110,100,122,114,81,80,43,239,233,223,232,277,273,266,239,357,363,325,277,722,708,678,351,314,320,293,240,312,297,282]} 1. e4 c5 2. Nf3 g6 3. d4 cxd4 4. Nxd4 Nc6 5. Nb3 Bg7 6. Be2 Nf6 7. Nc3 d6 8. O-O O-O 9. Bg5 a6 10. Kh1 b5 11. f4 Bb7 12. Bf3 Rc8 {B70: Sicilian Dragon: 6 g3 and 6 Be2 (without a later Be3).} 13. e5 dxe5 14. fxe5 Nd7 {Black is slightly better.} 15. e6 fxe6 16. Bg4 {[#]} Rf5 $146 ({Predecessor:} 16... Rxf1+ 17. Qxf1 Nf8 18. Nc5 Qd4 19. Bxe6+ Nxe6 20. Nxe6 Qg4 21. Nxg7 Kxg7 22. Be3 Nd4 23. Bxd4+ Qxd4 {½-½ (44) Gerasimov,I (2376)-Khodzhamkuliev,B (2029) Nabereznye Chelny 2010}) 17. Bxf5 $11 exf5 (17... gxf5 $11 18. Qh5 Nce5) 18. Qd5+ $16 Kh8 19. Rad1 $36 {[%mdl 2048] White is in control.} Nf6 20. Qe6 {White is more active.} Qg8 21. Qxg8+ Kxg8 22. Nc5 Rb8 {Loses the game.} (22... Na5 $1 $14 23. b4 (23. Nxb7 Nxb7 24. Bxf6 Bxf6 $14) 23... h6) 23. Bxf6 $18 Bxf6 {[#]} 24. Nd7 $1 {Pair of Knights!} Rc8 25. Nxf6+ exf6 26. Rd7 Ba8 (26... Na5 $142 27. Rfd1 b4 28. Rd8+ Kf7 29. Rxc8 Bxc8) 27. Nd5 Rf8 28. Rd1 Rf7 $2 {[#]} (28... Ne5) 29. Rxf7 Kxf7 30. Nc7 Bb7 31. Rd7+ Ne7 32. Kg1 g5 33. g3 h5 {[%mdl 32768] Weighted Error Value: White=0.31/Black=0.60. An unexpected result.} 1/2-1/2

[Event "V Copa Marcel Duchamp 2022"]
[Site "Montevideo"]
[Date "2022.02.17"]
[Round "7.32"]
[White "Rodriguez Farias, Eduardo"]
[Black "Parma, Pamela"]
[Result "1-0"]
[WhiteElo "1931"]
[BlackElo "1761"]
[Annotator "TA"]
[PlyCount "117"]
[EventDate "2022.02.12"]
[EventCountry "URU"]
[SourceTitle "playchess.com"]
[Source "ChessBase"]
[SourceQuality "1"]

{[%evp 14,117,43,48,132,127,112,30,75,58,83,0,87,94,190,184,185,166,177,187,252,249,254,260,244,205,448,452,484,475,484,474,493,485,461,485,481,476,475,425,492,468,722,529,502,513,525,524,518,500,504,517,517,517,600,603,567,529,602,588,657,594,690,615,623,575,581,529,634,599,590,598,572,570,897,729,729,706,744,750,753,753,753,746,751,748,744,697,866,678,576,0,847,866,825,850,29981,29982,29982,29983,29983,29982,29984,29985,29985,29986]} 1. e4 c5 2. Nf3 d6 3. d4 cxd4 4. Nxd4 Nf6 5. Nc3 g6 6. f4 Bg7 7. e5 dxe5 8. fxe5 Nh5 {B71: Sicilian Dragon: 6 f4.} (8... Nfd7 $1 $14) 9. Bb5+ $16 Bd7 {[#]} 10. e6 (10. g4 $1 $16 {[%cal Rg4h5]}) 10... Bxb5 (10... fxe6 $11 {was preferrable.} 11. Nxe6 Bxc3+ 12. bxc3 Qb6 13. Bxd7+ Nxd7) 11. exf7+ $40 {[%mdl 128] Black needs to defend precisely.} (11. Ndxb5 Bxc3+ 12. bxc3 (12. Nxc3 Qxd1+ 13. Nxd1 f5 $11) 12... Qxd1+ 13. Kxd1 Na6 $11) (11. Ncxb5 $6 f5 12. Be3 O-O $11) 11... Kxf7 12. Qf3+ ({Don't play} 12. Ndxb5 $6 Qxd1+ 13. Nxd1 Rc8 $11) (12. Ncxb5 $16 Bxd4 13. Nxd4) 12... Nf6 (12... Ke8 $11 13. Ndxb5 Nc6) 13. Ncxb5 {Black must now prevent 0-0. Black is on the road to losing.} a6 (13... Nc6 $16 14. Qb3+ (14. Nxc6 bxc6 15. Qxc6 Rc8 $14) 14... Qd5) 14. Qb3+ ({Avoid the trap} 14. Qe3 $2 axb5 15. Qe6+ Ke8 $19) 14... Qd5 {[#]} 15. Nc7 {[%csl LRa8,LRd5] Active counter play!} Qxb3 16. axb3 Nbd7 (16... Ra7 $142 17. Ndb5 Rc8) 17. Nxa8 $18 {aiming for Nc7.} Rxa8 18. O-O {[#]} e5 $146 ({Predecessor:} 18... Rc8 19. c3 e5 20. Nf3 e4 21. Ng5+ Ke7 22. Be3 h6 23. Nh3 Nc5 24. b4 Nd3 {1-0 (47) Artemov,N (2106)-Kolyuzhnov,V (1809) Voronezh 2015}) 19. Nb5 {Threatens to win with Nd6+.} Rd8 $2 (19... Bf8 20. Be3 Rc8) 20. Nd6+ Kg8 21. Nxb7 Rb8 22. Nd6 Rb6 23. Nc4 Re6 24. Bg5 e4 25. Rad1 Bf8 26. Be3 h6 27. h3 Kh7 (27... Kg7 $142 28. Kf2 Be7) 28. Kf2 Be7 29. Ke2 Nf8 30. c3 Nh5 31. Kd2 Ng3 32. Rfe1 Nd7 33. Kc2 Nf6 34. Bf4 Nf5 35. g4 Nh4 36. Re2 {Prevents Ng2.} g5 37. Bd6 Bd8 38. Bg3 Be7 39. Bxh4 gxh4 40. Ne3 Ne8 41. Rd7 Kg6 42. Nd5 Bg5 43. c4 Nd6 44. Ra7 Ne8 45. b4 h5 46. gxh5+ Kxh5 47. Rh7+ Kg6 {[#]} 48. Rxh4 $3 {[%mdl 512]} Bxh4 49. Nf4+ Kf5 50. Nxe6 {[%mdl 4096] Endgame KRN-KBN} Nd6 51. Nc5 Kf4 52. Ne6+ $2 ({White should try} 52. b3 $18) 52... Kf3 $2 {[%mdl 8192]} (52... Kf5 $11 53. Nd4+ Kf4) 53. Nd4+ Kf4 54. c5 {[%cal Bc4c5,Bc5c6,Bc6c7][%mdl 32]} Nb5 55. Nxb5 {White mates.} axb5 56. c6 Bd8 57. Rf2+ Ke5 58. Rf7 Ke6 {[#]} 59. c7 $1 {[%mdl 512] Weighted Error Value: White=0.30/Black=0.39} 1-0

[Event "V Copa Marcel Duchamp 2022"]
[Site "Montevideo"]
[Date "2022.02.17"]
[Round "7.33"]
[White "Visillac, Alejandro"]
[Black "Moccero, Eduardo"]
[Result "1/2-1/2"]
[WhiteElo "1814"]
[BlackElo "1919"]
[Annotator "TA"]
[PlyCount "70"]
[EventDate "2022.02.12"]
[EventCountry "URU"]
[SourceTitle "playchess.com"]
[Source "ChessBase"]
[SourceQuality "1"]

{[%evp 9,70,0,0,0,0,-4,0,0,0,0,0,-6,4,-12,-3,-49,-36,-40,-31,-50,-32,-50,-33,-102,-60,-84,-64,-133,-133,-152,-136,-130,-130,-131,-105,-139,-138,-174,-146,-141,-112,-111,136,-84,-52,-87,-78,-77,-76,-53,-53,-94,-75,-91,-21,-24,-5,-8,-7,-9,-10,-4,-6]} 1. e4 d5 2. Nc3 dxe4 3. Nxe4 Nd7 4. Nf3 Ngf6 5. Ng3 e6 6. Be2 {A00: Irregular Openings.} b6 7. b3 Bb7 8. Bb2 Bd6 9. O-O {[#]} O-O $146 ({Predecessor:} 9... c5 10. d4 Qc7 11. c4 O-O-O 12. Rc1 Bf4 13. Rc2 h5 14. Re1 cxd4 15. b4 e5 {0-1 (37) Kirch,F (1773)-Giering,G (1744) Mittelfranken 2008}) 10. Re1 c5 11. Bf1 Rc8 12. Ne5 (12. Bd3 $11 {is superior.}) 12... Nxe5 $15 13. Bxe5 Bxe5 14. Rxe5 Qd4 15. Re2 Rfd8 16. c3 (16. Re1 $15) 16... Qd5 (16... Qf4 $17 {And now ...h5 would win.} 17. d3 Rc7) 17. Qe1 Qc6 18. d3 (18. Rd1 $15) 18... Rxd3 $17 19. Rd1 Rxd1 20. Qxd1 h6 21. Rd2 Qc7 22. Bd3 g6 23. Bc2 Qc6 {[%csl Gb7][%cal Rc6g2]} 24. f3 Kg7 25. Ne4 {Threatens to win with Nxf6.} Nd5 (25... Nxe4 $2 26. Bxe4 Qc7 27. Rd7 $18) (25... c4 $1 $17 {[%cal Rc4b3]} 26. Nd6 Qc5+ 27. Kh1 cxb3 $1 28. axb3 Rc7) 26. Qe1 $2 (26. c4 $16 {is necessary to keep the advantage.}) 26... f5 27. c4 fxe4 28. Bxe4 {[%mdl 64] [#] Pin} Qd6 {[%cal Od6e5]} 29. Qa1+ Kf7 {[%cal Ob7c6]} 30. Qb1 {[#]} (30. Qd1 $1 $15) 30... Rg8 $1 {[%cal Od6e5]} 31. Qd3 {[%mdl 64] [#] Pin} (31. g3 Qe5) 31... Qe5 $1 32. cxd5 $11 exd5 33. Bxd5+ {The position is equal.} Bxd5 34. Qxd5+ Qxd5 35. Rxd5 Ke6 {Inhibits Rd7.  Weighted Error Value: White=0.30/Black=0.30} 1/2-1/2

[Event "V Copa Marcel Duchamp 2022"]
[Site "Montevideo"]
[Date "2022.02.17"]
[Round "7.34"]
[White "Popov, Mark"]
[Black "Manteiga, Franco"]
[Result "0-1"]
[WhiteElo "1758"]
[BlackElo "1915"]
[Annotator "TA"]
[PlyCount "86"]
[EventDate "2022.02.12"]
[EventCountry "URU"]
[SourceTitle "playchess.com"]
[Source "ChessBase"]
[SourceQuality "1"]

{[%evp 11,86,15,20,0,0,0,0,0,21,10,22,17,23,-5,0,-124,-141,-134,-46,-176,-172,-179,-166,-161,-170,-170,-147,-229,-176,-177,-136,-202,-188,-527,-521,-503,-485,-802,-798,-879,-859,-804,-728,-847,-832,-1879,-1692,-12823,-6964,-5102,-1237,-1179,-1177,-986,-993,-1771,-1585,-29978,-29978,-29982,-29983,-29982,-29983,-29984,-29985,-29990,-29988,-29994,-29991,-29991,-29985,-29994,-29995,-29995,-29996,-29996,-29997]} 1. e4 c5 2. Nf3 Nc6 3. Nc3 e5 4. Bc4 d6 5. h3 Be7 6. d3 Nf6 7. Be3 {B30: Sicilian: 2...Nc6 3 Bb5, lines without ...g6.} O-O 8. a4 a6 9. Nd5 {[#] The position is equal.} Rb8 $146 ({Predecessor:} 9... Nxd5 10. Bxd5 Nb4 11. Bc4 Qa5 12. Bd2 Qd8 13. c3 Nc6 14. Bd5 Bd7 15. O-O h6 {1-0 (28) Holzapfel,A (1354)-Froechel,T (999) Deggendorf 2008}) 10. c3 b5 11. Nxf6+ Bxf6 12. Bd5 Ne7 13. a5 (13. Ba2 $11 {keeps the balance.}) 13... Nxd5 $17 14. exd5 b4 ({Better is} 14... Qd7 $17 15. O-O Qb7) 15. c4 {This move loses the game for White.} (15. Nd2 $15) 15... e4 $1 $19 16. dxe4 {[%cal Oe4e5]} Bxb2 {Hoping for ...Bc3+.} 17. O-O Bxa1 18. Qxa1 f6 19. Rb1 (19. Bf4 $17) 19... Re8 20. Nd2 Bd7 (20... Qe7 $19 21. Rb3 g5) 21. f3 (21. Bf4 $17) 21... Qe7 22. f4 $2 {[#]} (22. Qb2 {is more resistant.}) 22... Bf5 $1 {[%mdl 512]} 23. Re1 (23. Rb2 Bxe4) 23... Bxe4 24. Bxc5 (24. Bf2 $142 f5 25. Re3) 24... dxc5 25. Rxe4 Qd7 {aiming for ...Rxe4.} 26. Qb1 Rxe4 27. Nxe4 {[%mdl 4096] Endgame KQR-KQN} b3 28. Qb2 Qe7 29. Nd2 Qe3+ 30. Kh1 Qxd2 31. Qxd2 {KQ-KR} b2 32. Kh2 b1=Q 33. d6 Qf5 34. d7 Rd8 {Black mates.} 35. Qd6 Rxd7 36. Qb8+ Kf7 37. h4 Qg4 38. Qb1 Qxf4+ 39. g3 Qd2+ 40. Kh3 Qd1 41. Qf5 Qh1+ 42. Kg4 Rd4+ 43. Kh5 g6+ {Weighted Error Value: White=1.04/Black=0.25 (precise)} 0-1